Detalles MARC
| 000 -LEADER |
| fixed length control field |
01411cam a2200313 i 4500 |
| 001 - CONTROL NUMBER |
| control field |
63480 |
| 005 - DATE AND TIME OF LATEST TRANSACTION |
| control field |
20180714065927.0 |
| 008 - FIXED-LENGTH DATA ELEMENTS--GENERAL INFORMATION |
| fixed length control field |
150902s2013 mx afh r 000 0 spa d |
| 020 ## - INTERNATIONAL STANDARD BOOK NUMBER |
| International Standard Book Number |
9788484896852 (Iberoamericana) |
| 020 ## - INTERNATIONAL STANDARD BOOK NUMBER |
| International Standard Book Number |
9783865277336 (Vervuert) |
| 020 ## - INTERNATIONAL STANDARD BOOK NUMBER |
| International Standard Book Number |
9786077588689 (Bonilla Artiagas) |
| 040 ## - CATALOGING SOURCE |
| Original cataloging agency |
MX-PuUPA |
| Language of cataloging |
spa |
| Description conventions |
rda |
| Transcribing agency |
Mx-PuUPA |
| Modifying agency |
Mx-PuUPA |
| 041 0# - LANGUAGE CODE |
| Language code of text/sound track or separate title |
spa |
| 082 0# - DEWEY DECIMAL CLASSIFICATION NUMBER |
| Classification number |
759.97248203 |
| Item number |
PRO |
| 546 ## - LANGUAGE NOTE |
| Language note |
Texto en español, con resúmenes en inglés. |
| 245 00 - TITLE STATEMENT |
| Title |
Profecía y triunfo : |
| Remainder of title |
la casa del Deán Tomás de la Plaza : facetas plurivalentes / |
| Statement of responsibility, etc. |
Helga von Kügelgen, editor. |
| 264 #1 - PRODUCTION, PUBLICATION, DISTRIBUTION, MANUFACTURE, AND COPYRIGHT NOTICE |
| Place of production, publication, distribution, manufacture |
Madrid : |
| Name of producer, publisher, distributor, manufacturer |
Iberoamericana, |
| Date of production, publication, distribution, manufacture, or copyright notice |
2013 |
| 264 #1 - PRODUCTION, PUBLICATION, DISTRIBUTION, MANUFACTURE, AND COPYRIGHT NOTICE |
| Place of production, publication, distribution, manufacture |
Frankfurt am Main : |
| Name of producer, publisher, distributor, manufacturer |
Vervuert, |
| Date of production, publication, distribution, manufacture, or copyright notice |
2013 |
| 264 #1 - PRODUCTION, PUBLICATION, DISTRIBUTION, MANUFACTURE, AND COPYRIGHT NOTICE |
| Place of production, publication, distribution, manufacture |
México, D.F. : |
| Name of producer, publisher, distributor, manufacturer |
Bonilla Artigas Editores, |
| Date of production, publication, distribution, manufacture, or copyright notice |
2013 |
| 300 ## - PHYSICAL DESCRIPTION |
| Extent |
496 páginas, 3 hojas plegadas sin numerar : |
| Other physical details |
ilustraciones, láminas, facsímiles (principalmente a color) ; |
| Dimensions |
30 cm. |
| 336 ## - CONTENT TYPE |
| Content type term |
texto |
| Source |
rdacotent |
| 337 ## - MEDIA TYPE |
| Media type term |
sin mediación |
| Source |
rdamedia |
| 338 ## - CARRIER TYPE |
| Carrier type term |
volumen |
| Source |
rdacarrier |
| 490 0# - SERIES STATEMENT |
| Series statement |
Textos y estudios coloniales y de la independencia ; |
| Volume/sequential designation |
22 |
| 500 ## - GENERAL NOTE |
| General note |
Las hojas desplegables se encuentran en el área de Procesos Técnicos, con la misma clasificación de la obra. |
| 650 #4 - SUBJECT ADDED ENTRY--TOPICAL TERM |
| Topical term or geographic name entry element |
Pintura Virreinal |
| General subdivision |
Historia y crítica |
| Geographic subdivision |
Puebla (Ciudad) |
| 650 #4 - SUBJECT ADDED ENTRY--TOPICAL TERM |
| Topical term or geographic name entry element |
Arte Virreinal |
| General subdivision |
Historia y crítica |
| Geographic subdivision |
Puebla |
| 700 1# - ADDED ENTRY--PERSONAL NAME |
| Personal name |
Kügelgen, Helga von, |
| Relator term |
editor |